00354nam a2200133Ia 4500008004100000020001500041041001200056082001600068100002300084245007000107260002100177300000800198650001400206221030s9999 xx 000 0 und d a0070587183 aEnglish a105.23bBal aV. K. Balakrishnan 0aSchaum`s Theory & Problems of Graph Theorycby V. K. Balakrishnan bTMHaJammuc2006 a293 aComputers